000 02377nam0a2200373 4500
001 RU\NLR\BIBL_A\022226752
005 20240606164226.0
010 _a978-5-91360-021-9
_9300
021 _aRU
_bКН-П-24-020518
_9КН-П-24-2148
035 _a(NLR Aleph) 022226752
090 _a13118616
_c13118616
100 _a20240520d2024 k y0rusy50 ca
101 0 _arus
102 _aRU
105 _aa z 000yy
181 0 _ai
_baxxe
182 0 _an
200 1 _aСистема городов и пространственное развитие России
_eмонография
_f[Лимонов Леонид Эдуардович, доктор экономических наук, профессор, Батчаев Артур Русланович, Власова Татьяна Владиславовна, кандидаты экономических наук и др.]
_gпод редакцией Л. Э. Лимонова
_g[Автономная некоммерческая организация МЦСЭИ "Леонтьевский центр"]
203 _aТекст
_bвизуальный
_cнепосредственный
210 _aСанкт-Петербург
_cМеждународный центр социально-экономических исследований "Леонтьевский центр"
_d2024
215 _a351 с.
_cил., цв. ил., табл.
_d24
300 _aАвт. указаны на 5-й с.
320 _aБиблиогр.: с. 294-299 (106 назв.), в тексте и в подстроч. примеч.
606 1 _aГорода
_xРазвитие
_yРоссийская Федерация
_2nlr_sh1
_2nlr_sh2
_3RU\NLR\AUTH\661255182
686 1 _aУ04(2Р)22
701 1 _aЛимонов
_bЛ. Э.
_f1959-
_gЛеонид Эдуардович
_3RU\NLR\AUTH\776189
701 1 _aБатчаев
_bА. Р.
_gАртур Русланович
701 1 _aВласова
_bТ. В.
_cканд. экон. наук
_gТатьяна Владиславовна
_3RU\NLR\AUTH\77125064
712 0 2 _a"Леонтьевский центр", международный центр социально-экономических исследований
_cСанкт-Петербург
_3RU\NLR\AUTH\8812224
_4475
942 _cBOOK
980 _aNB